[Event "EU Union-ch U12 20th"]
[Site "Mureck"]
[Date "2023.08.05"]
[Round "4"]
[White "Begdullayev, Tamerlan"]
[Black "Kincses, Emma"]
[Result "1-0"]
[WhiteElo "1677"]
[BlackElo "1264"]
[PlyCount "47"]
[EventDate "2023.08.02"]
[EventType "swiss"]
[EventRounds "9"]
[EventCountry "AUT"]
[SourceTitle "EXT 2024"]
[Source "ChessBase"]
[SourceDate "2023.10.10"]
[SourceVersion "1"]
[SourceVersionDate "2023.10.10"]
[SourceQuality "1"]

1. c4 c5 2. Nc3 Nf6 3. g3 g6 4. Bg2 Bg7 5. e3 d6 6. Nge2 Nc6 7. d4 cxd4 8. exd4 0-0 9. 0-0 Bf5 10. h3 Qc8 11. Kh2 Rb8 12. b3 h5 13. Re1 Re8 14. a3 a6 15. Bb2 Qc7 16. Rc1 Bh6 17. f4 Qd8 18. d5 Na7 19. Nd4 Bd7 20. Ne4 Nh7 21. Nf3 Bf5 22. Qd4 Nf6 23. Nxf6+ exf6 24. Rxe8+ 1-0

[Event "HUN-ch U10/14 Girls"]
[Site "Buek"]
[Date "2023.06.24"]
[Round "8"]
[White "Kincses, Emma"]
[Black "Bolla, Zsofia"]
[Result "1/2-1/2"]
[WhiteElo "1172"]
[BlackElo "1241"]
[PlyCount "83"]
[EventDate "2023.06.17"]
[EventType "swiss"]
[EventRounds "9"]
[EventCountry "HUN"]
[SourceTitle "CBM 215 Extra"]
[Source "ChessBase"]
[SourceDate "2023.09.30"]
[SourceVersion "1"]
[SourceVersionDate "2023.09.30"]
[SourceQuality "1"]

1. c4 e6 2. Nc3 d5 3. cxd5 exd5 4. Nf3 Nf6 5. d3 Be7 6. Bf4 c6 7. g3 Qb6 8. Rb1 Qb4 9. Bd2 Qd6 10. Ra1 d4 11. Nb1 Be6 12. Bg2 Nbd7 13. Qc2 Ne5 14. 0-0 Nxf3+ 15. Bxf3 Bd5 16. Bg2 Bxg2 17. Kxg2 Qd5+ 18. Kg1 Qh5 19. Kg2 0-0 20. Re1 Rad8 21. Qb3 b6 22. Na3 b5 23. Rac1 Rc8 24. Bb4 c5 25. Bd2 a6 26. Nc2 Rfd8 27. a3 Ng4 28. h3 Nf6 29. Qa2 Qf5 30. b4 c4 31. dxc4 Rxc4 32. Na1 Rxc1 33. Bxc1 Qe4+ 34. Kg1 Qf5 35. Kg2 Qe4+ 36. Kg1 Nh5 37. Nb3 Qe6 38. Kg2 Qe4+ 39. Kg1 Qe6 40. Kg2 Qe4+ 41. Kg1 Qe6 42. Kg2 1/2-1/2